[Event "Reykjavik Open 2017"]
[Site "Reykjavik ISL"]
[Date "2017.04.26"]
[Round "9.82"]
[White "De Winter,E"]
[Black "Tunge,Christian"]
[Result "0-1"]
[WhiteElo "1786"]
[BlackElo "2055"]

1.e4 c5 2.Nf3 d6 3.d4 Nf6 4.Nc3 cxd4 5.Nxd4 g6 6.Be2 Bg7 7.O-O O-O 8.Kh1 Nc6
9.Be3 d5 10.exd5 Nxd5 11.Nxd5 Qxd5 12.Bf3 Qc4 13.Be2 Qb4 14.a3 Qxb2 15.Rb1
Qxa3 16.Nb5 Qa5 17.Bf3 a6 18.Bxc6 bxc6 19.Nd4 Qd5 20.c4 Qe4 21.Nf3 Bg4 22.Nd2
Bxd1 23.Nxe4 Bc2 {#R} 0-1

[Event "Reykjavik Open 2017"]
[Site "Reykjavik ISL"]
[Date "2017.04.26"]
[Round "9.84"]
[White "Prieto,Alberto"]
[Black "Jonsson,Pall G"]
[Result "1-0"]
[WhiteElo "1999"]
[BlackElo "1833"]

1.d4 g6 2.Nf3 Bg7 3.c4 c5 4.Nc3 cxd4 5.Nxd4 Nc6 6.Nb3 Nf6 7.e4 O-O 8.Be2 d6
9.Be3 b6 10.O-O Bb7 11.f4 Nb4 12.Qd2 Re8 13.Rac1 Na6 14.Bf3 Qc8 15.Qe2 Nd7
16.a3 Nac5 17.Nd4 Nf6 18.e5 dxe5 19.fxe5 Nfe4 20.Nxe4 Nxe4 21.Qc2 Nc5 22.b4
Bxf3 23.bxc5 Bg4 24.Qf2 Rf8 25.cxb6 axb6 26.Nb5 Bxe5 27.Bh6 Bg7 28.Bxg7 Kxg7
29.Qxb6 Ra4 30.Nc7 Rxa3 31.Qb2+ Kg8 32.Qxa3 Qxc7 33.c5 Qc6 34.Rf2 e5 35.h3 Be6
36.Rd2 Ra8 37.Qe3 f6 38.Rd6 Qe8 39.Qf3 Kf7 40.Qb7+ Kg8 41.Rxe6 {#r} 1-0

[Event "Reykjavik Open 2017"]
[Site "Reykjavik ISL"]
[Date "2017.04.26"]
[Round "9.85"]
[White "Olafsson,S"]
[Black "Leosson,Atli Johann"]
[Result "0-1"]
[WhiteElo "1998"]
[BlackElo "1773"]

1.e4 e5 2.d4 exd4 3.Qxd4 Nc6 4.Qe3 Nf6 5.Nc3 Bb4 6.Bd2 O-O 7.O-O-O Re8 8.Bc4
Bxc3 9.Bxc3 Nxe4 10.Qf4 Nf6 11.g4 Re4 12.Bxf6 Rxf4 13.Bxd8 Nxd8 14.Bd3 d6
15.f3 Nc6 16.Nh3 Rf6 17.Rhf1 Ne5 18.Be4 Rh6 19.Nf4 Be6 20.Bxb7 Rb8 21.Bd5 Bxd5
22.Rxd5 Rxh2 23.b3 Nc6 24.a3 Re8 25.Rd3 g5 26.Rc3 Nd4 27.Nh5 Ne2+ 28.Kb2 Nxc3
29.Nf6+ Kf8 30.Nxe8 Nd5 31.Re1 Rf2 32.Kc1 Rxf3 33.c4 Nf4 34.Re4 Ne6 {#R} 0-1

[Event "Reykjavik Open 2017"]
[Site "Reykjavik ISL"]
[Date "2017.04.26"]
[Round "9.86"]
[White "Baldvinsson,Loftur"]
[Black "Kristinsson,Magnus"]
[Result "1-0"]
[WhiteElo "1971"]
[BlackElo "1783"]

1.e4 e6 2.d4 d5 3.Nc3 Nf6 4.e5 Nfd7 5.f4 c5 6.Nf3 Nc6 7.Be3 Be7 8.Be2 b6 9.Bf2
Bb7 10.h4 c4 11.f5 f6 12.fxe6 Nf8 13.exf6 gxf6 14.Nh2 Qd6 15.Bh5+ Kd8 16.Qf3
Qxe6+ 17.Kd2 Ne5 18.dxe5 fxe5 19.Bf7 Qd6 20.Bxd5 Ne6 21.Rad1 Rf8 22.Kc1 Rxf3
23.Bxb7 Nd4 24.Nxf3 Qh6+ 25.Kb1 Rb8 26.Nxe5 Ke8 27.Bd5 Ne6 28.Bc6+ Kf8 29.Nd7+
{#r} 1-0

[Event "Reykjavik Open 2017"]
[Site "Reykjavik ISL"]
[Date "2017.04.26"]
[Round "9.87"]
[White "Moller,Mikael"]
[Black "Marhoefer,Daniel"]
[Result "1-0"]
[WhiteElo "1965"]
[BlackElo "1714"]

1.e4 e5 2.Nf3 Nc6 3.d4 exd4 4.Nxd4 Bc5 5.Nb3 Bb6 6.Nc3 Nge7 7.Bg5 O-O 8.Nd5
Qe8 9.Nxb6 axb6 10.Be2 d6 11.O-O Be6 12.Nd4 Nxd4 13.Qxd4 Nc6 14.Qc3 Ra5 15.Be3
Bxa2 16.b3 Qxe4 17.Bf3 Qe5 18.Qd2 Rfa8 19.Rfe1 Qf5 20.Qc3 Qd7 21.g3 Nd8 22.Bd4
f6 23.Qb2 Kf8 24.Bc3 R5a7 25.Bxf6 gxf6 26.Qxf6+ Nf7 27.Re4 Ra5 28.Rf4 Re8
29.Rxa2 Re1+ 30.Kg2 Rxa2 31.Bd5 Re8 32.Bxf7 Qd8 33.Qf5 Re5 34.Qxh7 Ke7 35.Be6+
Kxe6 36.Qf7# 1-0

[Event "Reykjavik Open 2017"]
[Site "Reykjavik ISL"]
[Date "2017.04.26"]
[Round "9.89"]
[White "Mulleady,Peter J"]
[Black "Steingrimsson,Karl Egill"]
[Result "1-0"]
[WhiteElo "1949"]
[BlackElo "1664"]

1.d4 Nf6 2.Bf4 e6 3.Nf3 d6 4.c4 Nbd7 5.Nc3 Be7 6.e4 O-O 7.Bd3 c6 8.O-O d5
9.cxd5 cxd5 10.e5 Ne8 11.Rc1 a6 12.Qd2 f6 13.exf6 Ndxf6 14.Rfe1 Bd6 15.Ne5
Bxe5 16.Bxe5 Nd6 17.Qg5 Nf7 18.Qh4 Ne4 19.Qxd8 Rxd8 20.Nxe4 Nxe5 21.dxe5 dxe4
22.Bxe4 Rb8 23.Rc7 Rd7 24.Rec1 Rxc7 25.Rxc7 b5 26.b4 Kf8 27.f4 g6 28.Rxh7 Kg8
29.Rc7 Kf8 30.Kf2 {#r} 1-0

[Event "Reykjavik Open 2017"]
[Site "Reykjavik ISL"]
[Date "2017.04.26"]
[Round "9.92"]
[White "Zybura,Andre"]
[Black "Heidarsson,Arnar"]
[Result "1-0"]
[WhiteElo "1894"]
[BlackElo "1391"]

1.e4 c5 2.d4 cxd4 3.c3 Nc6 4.Nf3 d5 5.exd5 Qxd5 6.cxd4 Bg4 7.Nc3 Qd7 8.d5 Bxf3
9.gxf3 a6 10.dxc6 Qxc6 11.Qd5 Qxd5 12.Nxd5 O-O-O 13.Nb6+ Kc7 14.Be3 e5 15.Rc1+
Kb8 16.Bh3 Be7 17.Nd7+ Ka8 18.Nxe5 {#r} 1-0

[Event "Reykjavik Open 2017"]
[Site "Reykjavik ISL"]
[Date "2017.04.26"]
[Round "9.93"]
[White "Harding,T"]
[Black "Ontiveros,John"]
[Result "1-0"]
[WhiteElo "2017"]
[BlackElo "1741"]

1.e4 c6 2.d4 d5 3.e5 Bf5 4.h4 h6 5.g4 Bh7 6.e6 fxe6 7.Bd3 Bxd3 8.Qxd3 Nf6
9.Nf3 Ne4 10.Nbd2 Qa5 11.c3 Nd7 12.Nxe4 dxe4 13.Qxe4 Qd5 14.Qg6+ Kd8 15.Rh3 e5
16.Nxe5 Nxe5 17.dxe5 Qxe5+ 18.Be3 Qf6 19.O-O-O+ Kc7 20.Qd3 Qd6 21.Qe4 Qf6
22.Bf4+ Kb6 23.Rf3 Qxh4 24.Be3+ c5 25.Qb4+ Ka6 26.Bxc5 Qg5+ 27.Re3 b6 28.Qa4+
Kb7 29.Rd7+ Kb8 30.Qc6 Qxc5 31.Rd8# 1-0

[Event "Reykjavik Open 2017"]
[Site "Reykjavik ISL"]
[Date "2017.04.26"]
[Round "9.95"]
[White "Sidali,Elias Hulleberg"]
[Black "Byrne,Alex"]
[Result "0-1"]
[WhiteElo "1724"]
[BlackElo "1976"]

1.e4 e6 2.d4 d5 3.Nd2 Be7 4.Ngf3 Nf6 5.e5 Nfd7 6.c3 c5 7.dxc5 Nc6 8.Bb5 O-O
9.Bxc6 bxc6 10.O-O Nxc5 11.Nb3 Ba6 12.Re1 Nd3 13.Re3 c5 14.Rxd3 Bxd3 15.Nxc5
Bg6 16.Nd3 Qc7 17.Nd4 Bxd3 18.Qxd3 Qxe5 19.Bd2 Qc7 20.Re1 Rab8 21.b3 Bf6 22.f4
Rfc8 {#R} 0-1

[Event "Reykjavik Open 2017"]
[Site "Reykjavik ISL"]
[Date "2017.04.26"]
[Round "9.96"]
[White "Magnussen,P"]
[Black "Johannesson,Haki"]
[Result "1-0"]
[WhiteElo "1909"]
[BlackElo "1705"]

1.e4 e5 2.Nf3 Nc6 3.Bc4 Be7 4.d3 Nf6 5.c3 O-O 6.O-O d6 7.h3 Na5 8.Bb5 Bd7
9.Bxd7 Qxd7 10.Be3 Nc6 11.Nbd2 d5 12.Qc2 b6 13.Rfe1 h6 14.d4 Nxe4 15.dxe5 Nxd2
16.Qxd2 Qe6 17.Bf4 Rad8 18.Rad1 a5 19.Re3 Rd7 20.Rd3 Rfd8 21.a3 a4 22.c4 d4
23.Qc2 Na5 24.Nxd4 Qxc4 25.Rc3 Qd5 26.e6 fxe6 27.Bxc7 Rc8 28.Bxb6 Rxc3 29.bxc3
Nc4 30.Re1 e5 31.Nf3 Nxb6 32.Nxe5 Rd8 33.Ng4 Qd6 34.Qa2+ Kh8 35.Ne5 Rf8
36.Nf7+ Rxf7 37.Qxf7 Bg5 38.Re8+ Kh7 {#r} 1-0

[Event "Reykjavik Open 2017"]
[Site "Reykjavik ISL"]
[Date "2017.04.26"]
[Round "9.97"]
[White "Thorsson,Pall"]
[Black "Baliuniene,Margarita"]
[Result "0-1"]
[WhiteElo "1688"]
[BlackElo "1897"]

1.e4 c5 2.Nc3 Nc6 3.g3 g6 4.Bg2 Bg7 5.d3 e6 6.Nge2 b6 7.O-O Bb7 8.f4 Nge7 9.g4
f5 10.exf5 exf5 11.gxf5 Nxf5 12.Ng3 Bd4+ 13.Kh1 O-O 14.Qg4 Na5 15.Nd5 Kh8
16.c3 Bg7 17.Nxf5 Rxf5 18.Ne3 Bxg2+ 19.Nxg2 Nc6 20.Bd2 d5 21.Rae1 d4 22.c4 Qf6
23.Rf3 Rf8 24.Rh3 Qf7 25.Nh4 Rh5 26.Re6 Ne5 27.Nxg6+ hxg6 28.Rxh5+ gxh5 29.Qh3
Nxd3 30.Re2 Nxf4 31.Bxf4 Qxf4 32.Qxh5+ Bh6 {#R} 0-1

[Event "Reykjavik Open 2017"]
[Site "Reykjavik ISL"]
[Date "2017.04.26"]
[Round "9.102"]
[White "Davidsdottir,Nansy"]
[Black "Vignisson,Ingvar Egill"]
[Result "1-0"]
[WhiteElo "1864"]
[BlackElo "1693"]

1.e4 c5 2.Nf3 d6 3.d4 cxd4 4.Nxd4 Nf6 5.Nc3 a6 6.Bg5 e6 7.Be2 Be7 8.Be3 Qc7
9.Qd2 Nbd7 10.f4 b5 11.Bf3 Bb7 12.O-O b4 13.Nce2 Bxe4 14.Qxb4 Nd5 15.Nxe6 fxe6
16.Qxe4 Nc5 17.Bxc5 Qxc5+ 18.Kh1 Nc7 19.Qa4+ Kf7 20.Bxa8 Nxa8 21.f5 exf5
22.Qb3+ Kf6 23.Ng3 Kg6 24.Qf3 h5 25.Nxf5 Bf6 26.Qd3 Kf7 27.Nxd6+ Kf8 28.Rae1
Nc7 29.Ne4 Qc6 30.Nxf6 gxf6 31.Qd8+ Ne8 32.Qe7+ Kg8 33.Qxe8+ Qxe8 34.Rxe8+ Kg7
35.Rxh8 {#r} 1-0

[Event "Reykjavik Open 2017"]
[Site "Reykjavik ISL"]
[Date "2017.04.26"]
[Round "9.103"]
[White "Ragnarsson,Heimir Pall"]
[Black "Timmermans,Adri"]
[Result "0-1"]
[WhiteElo "1608"]
[BlackElo "1861"]

1.c4 e6 2.g3 c5 3.Bg2 d5 4.cxd5 exd5 5.d4 cxd4 6.Qxd4 Nf6 7.Nf3 Nc6 8.Qd1 Bf5
9.O-O Be7 10.Bf4 Qb6 11.b3 Rd8 12.Nbd2 Ba3 13.Nh4 Be6 14.Qc2 O-O 15.Bg5 Nb4
16.Qb1 Bg4 17.e4 h6 18.Be3 Qa6 19.exd5 Be2 20.Nf5 Bd3 21.Nxh6+ gxh6 22.Qd1 Be2
23.Qb1 Nfxd5 24.Qf5 Nxe3 25.fxe3 Rxd2 26.Rf4 Qg6 27.Qa5 Qe6 28.Re4 Qf6 29.Re1
Bd3 30.Rf4 Qb2 31.Rg4+ Bg6 32.Be4 Nc6 33.Bxg6 Rg2+ {#R} 0-1

[Event "Reykjavik Open 2017"]
[Site "Reykjavik ISL"]
[Date "2017.04.26"]
[Round "9.104"]
[White "Davidsson,Oskar Vikingur"]
[Black "Finnsson,Johann Arnar"]
[Result "0-1"]
[WhiteElo "1818"]
[BlackElo "1655"]

1.e4 d6 2.d4 g6 3.Nc3 Bg7 4.Nf3 Nf6 5.Be2 O-O 6.O-O c6 7.a4 Nbd7 8.h3 e5 9.Be3
Re8 10.Bd3 Qa5 11.Re1 exd4 12.Nxd4 Nc5 13.Bd2 Nxd3 14.cxd3 Qb6 15.Nb3 Be6
16.Ra3 Rad8 17.Be3 Qc7 18.a5 Qb8 19.Nd4 Nd7 20.Nxe6 Rxe6 21.Qa4 Rde8 22.a6 b5
23.Qb4 Bf8 24.Raa1 d5 25.Qb3 b4 26.exd5 Rxe3 27.fxe3 bxc3 28.Qxb8 Nxb8 29.bxc3
cxd5 30.Ra5 d4 31.Kf1 dxc3 32.Ke2 Re6 33.Rea1 Rb6 34.R1a2 Nc6 35.R5a4 Rb2+
36.Kd1 Nb4 37.R2a3 Rb1+ 38.Ke2 c2 {#R} 0-1

[Event "Reykjavik Open 2017"]
[Site "Reykjavik ISL"]
[Date "2017.04.26"]
[Round "9.105"]
[White "Eminov,Sinan"]
[Black "Berg,Margar M."]
[Result "1-0"]
[WhiteElo "1537"]
[BlackElo "1813"]

1.d4 d5 2.c4 e6 3.Nc3 Nf6 4.cxd5 exd5 5.Bg5 Nbd7 6.e3 c6 7.Bd3 Be7 8.Qc2 O-O
9.Nf3 b6 10.O-O Bb7 11.Rfd1 Rc8 12.Bf5 g6 13.Bh3 Kg7 14.Bxf6+ Bxf6 15.e4 dxe4
16.Nxe4 Be7 17.Ne5 f5 18.Nc3 Nf6 19.Re1 Rc7 20.Rad1 Nd5 21.g3 Nf6 22.Bg2 h5
23.h3 Qa8 24.Nb5 Rcc8 25.Nc3 Bb4 26.a3 Bd6 27.Qd2 c5 28.d5 Rc7 29.Nb5 Bxe5
30.Rxe5 Rd7 31.Nc3 Rfd8 32.Qg5 Nxd5 33.Nxd5 Rf7 34.Re6 Rxd5 35.Rxg6+ Kh8
36.Rh6+ Rh7 37.Qf6+ {#r} 1-0

[Event "Reykjavik Open 2017"]
[Site "Reykjavik ISL"]
[Date "2017.04.26"]
[Round "9.108"]
[White "Pedersen,Soren Sandmann"]
[Black "Hrafnsson,Hreinn"]
[Result "1-0"]
[WhiteElo "1794"]
[BlackElo "1621"]

1.d4 Nf6 2.c4 e6 3.Nc3 d5 4.cxd5 exd5 5.Bg5 Nbd7 6.e3 c6 7.Bd3 Be7 8.Nge2 O-O
9.O-O Re8 10.Qc2 h6 11.Bh4 Ne4 12.Bxe7 Qxe7 13.Bxe4 dxe4 14.Ng3 Nf6 15.Rae1 h5
16.f3 exf3 17.Rxf3 h4 18.Nf5 Bxf5 19.Qxf5 Qe6 20.Qf4 Qg4 21.h3 Qxf4 22.Rxf4
Re6 23.e4 Rae8 24.e5 g5 25.Rf5 Nh7 {#r} 1-0

[Event "Reykjavik Open 2017"]
[Site "Reykjavik ISL"]
[Date "2017.04.26"]
[Round "9.116"]
[White "Nielsen,Suni I Horni"]
[Black "Gasanova,U"]
[Result "0-1"]
[WhiteElo "1167"]
[BlackElo "1591"]

1.e4 c5 2.Nf3 d6 3.d4 cxd4 4.Nxd4 Nf6 5.Nc3 e6 6.Bg5 Be7 7.f4 O-O 8.Bd3 Nbd7
9.Qe2 Nc5 10.Rd1 Nxd3+ 11.Rxd3 a6 12.Bxf6 Bxf6 13.e5 Bh4+ 14.g3 Be7 15.a3 Qc7
16.exd6 Bxd6 17.Ne4 Rd8 18.Rc3 Qb6 19.Nb3 Bd7 20.Nxd6 Qxd6 21.Rd3 Qc7 22.h4
Bb5 23.Rxd8+ Rxd8 24.Qf2 Qc6 25.Rg1 Qe4+ {#R} 0-1

[Event "Reykjavik Open 2017"]
[Site "Reykjavik ISL"]
[Date "2017.04.26"]
[Round "9.118"]
[White "Sigurvaldason,Hjalmar"]
[Black "Roebuck,Derek"]
[Result "0-1"]
[WhiteElo "1441"]
[BlackElo "1661"]

1.d4 d5 2.Bf4 Nf6 3.e3 Bf5 4.c3 c6 5.Nd2 Nbd7 6.h3 e6 7.Ngf3 Be7 8.Nh4 Bg6
9.Nxg6 hxg6 10.Bd3 O-O 11.e4 dxe4 12.Nxe4 Nxe4 13.Bxe4 Nf6 14.Bf3 Nd5 15.Bxd5
exd5 16.O-O Bd6 17.Bxd6 Qxd6 18.Qd2 Rfe8 19.Rae1 Qd7 20.Rxe8+ Rxe8 21.Re1
Rxe1+ 22.Qxe1 Qf5 23.Kf1 Qc2 24.g3 Qxb2 25.Kg2 Qxa2 26.Qe7 f6 27.Qxb7 a5
28.Qxc6 a4 29.g4 Qc2 30.Qxd5+ Kh7 31.h4 f5 32.h5 Qe4+ 33.Qxe4 fxe4 34.d5 Kg8
35.g5 gxh5 36.d6 Kf7 37.c4 Ke6 38.c5 a3 {#R} 0-1

[Event "Reykjavik Open 2017"]
[Site "Reykjavik ISL"]
[Date "2017.04.26"]
[Round "9.120"]
[White "Apol,Luitjen Akselsson"]
[Black "Fjallheim,Benjamin Reinert"]
[Result "1-0"]
[WhiteElo "1561"]
[BlackElo "1322"]

1.e4 e5 2.Nc3 Nf6 3.Bc4 Bc5 4.d3 d6 5.Na4 Bb6 6.Nxb6 axb6 7.f4 Nc6 8.Nf3 Bg4
9.h3 Bxf3 10.Qxf3 Nd4 11.Qf2 b5 12.Bb3 Nxb3 13.cxb3 c6 14.O-O Qd7 15.Bd2 h6
16.Bc3 Qe7 17.fxe5 dxe5 18.Qg3 Nh5 19.Qxe5 Qxe5 20.Bxe5 f6 21.Bh2 g5 22.g4 Ng7
23.Rxf6 Rd8 24.Rd1 Ke7 25.Be5 Rh7 26.Rdf1 Ne8 27.R6f3 b4 28.a3 bxa3 29.bxa3 b5
30.b4 Rd7 31.Rc1 Ng7 32.Re3 Ke6 33.Bg3 {#r} 1-0

[Event "Reykjavik Open 2017"]
[Site "Reykjavik ISL"]
[Date "2017.04.26"]
[Round "9.124"]
[White "Petursson,Armann"]
[Black "Davidsson,Stefan Orri"]
[Result "0-1"]
[WhiteElo "1227"]
[BlackElo "1490"]

1.c4 e5 2.g3 Nf6 3.Bg2 Bc5 4.Nc3 O-O 5.d3 h6 6.Nf3 d6 7.O-O Nc6 8.a3 a6 9.b4
Bd4 10.Nxd4 Nxd4 11.e3 Ne6 12.Bb2 c6 13.Ne4 Nxe4 14.Bxe4 f5 15.Bg2 f4 16.c5
Ng5 17.exf4 exf4 18.Qa4 f3 19.Bh3 Nxh3+ 20.Kh1 dxc5 21.Rfe1 Nxf2+ 22.Kg1 Nh3+
23.Kf1 Qxd3+ {#R} 0-1

[Event "Reykjavik Open 2017"]
[Site "Reykjavik ISL"]
[Date "2017.04.26"]
[Round "9.126"]
[White "Haile,Batel Goitom"]
[Black "Thorisson,Benedikt"]
[Result "1-0"]
[WhiteElo "1197"]
[BlackElo "1057"]

1.e4 c5 2.Nf3 e6 3.c4 Nc6 4.Nc3 g6 5.d3 Bg7 6.Bd2 Nge7 7.Be2 O-O 8.O-O a6 9.a3
Rb8 10.a4 b6 11.h3 Bb7 12.Rb1 Qc7 13.Bg5 Rfd8 14.Bh4 Nd4 15.Bxe7 Nxe2+ 16.Qxe2
Rdc8 17.Bh4 Bc6 18.Bg3 d6 19.e5 Bxf3 20.Qxf3 dxe5 21.Bh2 Rd8 22.Qe3 Rd7
23.Rbd1 Rbd8 24.b3 Rd4 25.Rd2 f5 26.Ne2 Rh4 27.Rdd1 Rf8 28.f4 Bh6 29.Qxe5 Qxe5
30.fxe5 Be3+ 31.Kh1 f4 32.Rf3 Rf5 33.g3 Rxh3 34.Nxf4 Bxf4 35.Rxf4 Rfh5 36.Rd2
Rxg3 37.Rf6 Re3 38.Rxe6 Re1+ 39.Kg2 Rg5+ 40.Kf3 Rf1+ 41.Ke4 Re1+ 42.Kd5 Rg4
{#r} 1-0

[Event "Reykjavik Open 2017"]
[Site "Reykjavik ISL"]
[Date "2017.04.26"]
[Round "9.127"]
[White "Steinthorsson,Birgir Logi"]
[Black "Thorisson,Bjartur"]
[Result "1-0"]
[WhiteElo "1040"]
[BlackElo "1071"]

1.e4 c5 2.c3 Nc6 3.Nf3 e6 4.Bb5 Qc7 5.O-O Nf6 6.Bxc6 bxc6 7.d3 Be7 8.c4 O-O
9.Nc3 Bb7 10.b3 Bd8 11.Ba3 Qd6 12.e5 Qe7 13.exf6 Qxf6 14.Ne4 Qh6 15.Bxc5 Re8
16.Nd6 Bc7 17.Nxe8 Rxe8 18.g3 Qg6 19.b4 f5 20.Qe2 Qh6 21.Be3 Qh3 22.Ng5 Qh6
23.Qf3 Bd8 24.h4 Bf6 25.Rab1 Rb8 26.Ne4 Qg6 27.Nxf6+ Qxf6 28.Qh5 Qe7 29.Bg5
Qd6 30.Bf4 Qxd3 31.Bxb8 h6 32.Rfd1 Qe4 33.c5 d5 34.Re1 Qc4 35.Rxe6 Qxa2
36.Qxf5 g6 37.Qxg6+ Kf8 38.Bd6# 1-0

[Event "ch-CHN 2017"]
[Site "Xinghua CHN"]
[Date "2017.04.26"]
[Round "4.1"]
[White "Zhou Jianchao"]
[Black "Fang,Yan"]
[Result "1-0"]
[WhiteElo "2613"]
[BlackElo "2447"]

1.d4 d5 2.c4 c5 3.cxd5 Qxd5 4.Nf3 cxd4 5.Nc3 Qa5 6.Nxd4 Nf6 7.Nb3 Qc7 8.e4 e6
9.Be3 Nc6 10.Rc1 Bb4 11.f3 O-O 12.a3 Be7 13.Bb5 Rd8 14.Qe2 e5 15.O-O Be6
16.Bxc6 bxc6 17.Nc5 Bxc5 18.Bxc5 Nd7 19.Bf2 Nb6 20.Rfd1 Bb3 21.Rxd8+ Rxd8
22.Nb5 Qb7 23.Qe3 Be6 24.Nxa7 Nc4 25.Qc3 Rd2 26.Nxc6 Rxf2 27.Kxf2 Qxc6 28.Qb4
Qc7 29.Ke2 Qb6 30.Qxb6 Nxb6 31.Rc5 Nc4 32.b3 Nd6 33.b4 Kf8 34.Kd3 f6 35.b5
{#r} 1-0

[Event "ch-CHN 2017"]
[Site "Xinghua CHN"]
[Date "2017.04.26"]
[Round "4.5"]
[White "Wen Yang"]
[Black "Xu,Minghui"]
[Result "1-0"]
[WhiteElo "2613"]
[BlackElo "2283"]

1.Nf3 Nf6 2.c4 c5 3.d4 cxd4 4.Nxd4 Nc6 5.g3 g6 6.Bg2 Bg7 7.O-O O-O 8.Nc2 d6
9.Nc3 Qa5 10.Bd2 Qh5 11.e4 Qxd1 12.Raxd1 Bd7 13.f4 Rfd8 14.h3 Ne8 15.b3 Nd4
16.Nxd4 Bxd4+ 17.Kh2 Nc7 18.Ne2 Bg7 19.e5 d5 20.cxd5 Bb5 21.Rfe1 Bxe2 22.Rxe2
Nxd5 23.Ba5 Nb6 24.Rxd8+ Rxd8 25.Bxb7 {#r} 1-0

[Event "Jorge Szmetan Mem 2017"]
[Site "Buenos Aires ARG"]
[Date "2017.04.26"]
[Round "10.1"]
[White "Granda Zuniga,J"]
[Black "Garcia Palermo,C"]
[Result "1-0"]
[WhiteElo "2658"]
[BlackElo "2450"]
[EventType "tourn"]

1.e4 c6 2.d4 d5 3.e5 Bf5 4.Nf3 e6 5.Be2 Nd7 6.O-O Bb4 7.c3 Ba5 8.Na3 Bc7 9.Bf4
h6 10.Qd2 Ne7 11.Rae1 g5 12.Bg3 Ng6 13.h3 g4 14.hxg4 Bxg4 15.c4 Nb6 16.c5 Nd7
17.Nc2 Bxf3 18.Bxf3 Qg5 19.Qe3 Nh4 20.Bxh4 Qxh4 21.g3 Qg5 22.Kg2 b6 23.b4 a5
24.b5 Qxe3 25.fxe3 bxc5 26.bxc6 Nb6 27.Na3 Rc8 28.Rb1 Bd8 29.dxc5 Na4 30.Rfc1
Be7 31.Nb5 O-O 32.Nd6 Rxc6 33.Bd1 Nxc5 34.Rb5 Bxd6 35.exd6 Rxd6 36.Rcxc5 f5
37.a4 d4 38.exd4 Rxd4 39.Bb3 {#r} 1-0

[Event "Jorge Szmetan Mem 2017"]
[Site "Buenos Aires ARG"]
[Date "2017.04.26"]
[Round "10.3"]
[White "Flores,Di"]
[Black "Van Riemsdijk,H"]
[Result "1-0"]
[WhiteElo "2568"]
[BlackElo "2318"]
[EventType "tourn"]

1.c4 e6 2.Nc3 d5 3.d4 Nf6 4.cxd5 exd5 5.Bg5 Bb4 6.e3 h6 7.Bh4 Nbd7 8.Bd3 c6
9.Nf3 Be7 10.Qc2 Nh5 11.Bxe7 Qxe7 12.O-O-O Nb6 13.Ne5 Be6 14.Kb1 O-O-O 15.Nb5
Kb8 16.Qxc6 f6 17.Ng6 Qd7 18.Qxd7 Bxd7 19.Nxh8 Rxh8 20.Nd6 {#r} 1-0

[Event "1st BRICS Masters 2017"]
[Site "Fufeng CHN"]
[Date "2017.04.26"]
[Round "7.4"]
[White "Yu Yangyi"]
[Black "Potkin,V"]
[Result "1-0"]
[WhiteElo "2750"]
[BlackElo "2594"]

1.e4 e5 2.Nf3 Nc6 3.Bb5 Nf6 4.d3 Bc5 5.c3 O-O 6.O-O d6 7.Nbd2 Ne7 8.Re1 c6
9.Ba4 Ng6 10.d4 exd4 11.cxd4 Bb6 12.Bc2 Bg4 13.h3 Bh5 14.g4 Nxg4 15.hxg4 Bxg4
16.Nf1 Nh4 17.N1h2 Qd7 18.Re3 c5 19.Qd3 c4 20.Qc3 Bxf3 21.Nxf3 Qg4+ 22.Kf1
Qh3+ 23.Ke2 Ng2 24.Bd2 Nf4+ 25.Kd1 Qh5 26.Kc1 Rac8 27.Kb1 f5 28.a4 fxe4
29.Bxe4 d5 30.Bc2 Ng2 31.Ne5 Nxe3 32.Bxe3 Bd8 33.Ka2 Bg5 34.Bxg5 Qxg5 35.Qh3
Qh6 36.Qg2 Qd6 37.Rh1 h6 38.Rxh6 Rxf2 39.Bh7+ Kh8 40.Nf7+ Rxf7 41.Rxd6 {#r}
1-0

[Event "1st BRICS Masters 2017"]
[Site "Fufeng CHN"]
[Date "2017.04.26"]
[Round "9.2"]
[White "Motylev,A"]
[Black "Fier,A"]
[Result "1-0"]
[WhiteElo "2658"]
[BlackElo "2562"]

1.e4 c5 2.Nf3 e6 3.d4 cxd4 4.Nxd4 Nc6 5.Nc3 Qc7 6.Be3 a6 7.a3 Nf6 8.f4 Nxd4
9.Qxd4 Ng4 10.Qb6 Bd6 11.Qxc7 Bxc7 12.Bd2 d6 13.Be2 Nf6 14.Bf3 Bd7 15.O-O-O
Bc6 16.Rhe1 O-O-O 17.Be3 Rhg8 18.Bd4 d5 19.e5 Nd7 20.h4 Rde8 21.Bg4 b5 22.Nb1
f5 23.Be2 g6 24.g4 h6 25.gxf5 gxf5 26.Rg1 Bd8 27.Bf2 Be7 28.b4 d4 29.Nd2 Nb6
30.Bh5 Rxg1 31.Rxg1 Rh8 32.Nb3 Nd5 33.Nxd4 Bd7 34.Ne2 a5 35.c3 Kc7 36.Bf3 Bc6
37.Rg7 Kd8 38.Nd4 Bd7 39.Bxd5 exd5 40.e6 Be8 41.Nxf5 Bf6 42.Rb7 {#r} 1-0

[Event "ch-CRO 2017"]
[Site "Valpovo CRO"]
[Date "2017.04.26"]
[Round "2.5"]
[White "Palac,M"]
[Black "Saric,Iv"]
[Result "0-1"]
[WhiteElo "2573"]
[BlackElo "2609"]

1.e4 c6 2.d4 d5 3.e5 Bf5 4.Nf3 e6 5.Be2 Nd7 6.c3 h6 7.Nbd2 Ne7 8.a4 Qc7 9.a5
a6 10.b4 g5 11.Nb3 Ng6 12.O-O f6 13.Ne1 h5 14.Bd3 fxe5 15.Bxf5 exf5 16.Bxg5 e4
17.f4 Bd6 18.Qd2 Ndf8 19.Bf6 Rg8 20.Be5 Ne6 21.Kh1 O-O-O 22.Nc2 Bxe5 23.dxe5
Qg7 24.Ne1 Qh6 25.Ra2 Ngf8 26.Nd4 Nxd4 27.cxd4 Ne6 28.Qc3 Rg4 29.b5 Rxf4
30.Rg1 Nc7 31.Qc1 Rh8 32.bxc6 bxc6 33.Qc5 Rg4 34.Rb2 f4 35.Qa7 Kd7 36.Rb7 Rc8
37.Qxa6 f3 38.Rf1 Qg6 39.gxf3 exf3 40.Qd3 Qe4 41.Qa3 f2+ 42.Nf3 Qe2 {#R} 0-1

[Event "ch-NED Junior 2017"]
[Site "Assen NED"]
[Date "2017.04.26"]
[Round "5.2"]
[White "Beerdsen,Thomas"]
[Black "Vereggen,L"]
[Result "0-1"]
[WhiteElo "2446"]
[BlackElo "2334"]

1.e4 c6 2.Nc3 d5 3.Nf3 Nf6 4.e5 Ne4 5.Ne2 Qb6 6.d4 e6 7.Nfg1 f6 8.f3 Ng5
9.exf6 gxf6 10.Bxg5 fxg5 11.h4 gxh4 12.Rxh4 c5 13.Rb1 Nc6 14.c3 Bd7 15.f4 cxd4
16.cxd4 Bb4+ 17.Kf2 e5 18.fxe5 O-O+ 19.Nf3 Nxe5 20.Qb3 Be7 21.Rh1 Qxb3 22.axb3
Bf5 23.Ra1 Ng4+ 24.Kg1 Bf6 25.Nc3 Be4 26.Ra4 a6 27.Nxe4 dxe4 28.d5 Rae8 29.Bd3
exd3 30.Rxg4+ Kh8 31.Kh2 Rd8 32.Ng5 Rxd5 33.Nf3 Rh5+ 34.Kg1 Rxh1+ 35.Kxh1 Rd8
36.Ng5 Bxg5 {#R} 0-1

[Event "ch-NED Junior 2017"]
[Site "Assen NED"]
[Date "2017.04.26"]
[Round "5.5"]
[White "Van Foreest,Lucas"]
[Black "Elgersma,Simon"]
[Result "1-0"]
[WhiteElo "2477"]
[BlackElo "2189"]

1.d4 Nf6 2.c4 g6 3.Nc3 Bg7 4.e4 d6 5.Be2 O-O 6.Be3 e5 7.d5 a5 8.g4 Na6 9.g5
Nd7 10.h4 Ndc5 11.h5 c6 12.Nf3 cxd5 13.cxd5 Bd7 14.Nd2 a4 15.Nc4 Qc7 16.Na3
Rfb8 17.f3 b5 18.Ncxb5 Bxb5 19.Bxb5 Qa5+ 20.Bd2 Nb4 21.Qe2 Rxb5 22.Qxb5 Nc2+
23.Kd1 Qxb5 24.Nxb5 Nxa1 25.Nxd6 Rb8 26.Bc3 Nd3 27.Kd2 Nxb2 28.hxg6 hxg6
29.Rxa1 Bf8 30.Ne8 Rxe8 31.Bxb2 Be7 32.f4 Bd6 33.Rh1 Rb8 34.Bc3 Bb4 35.fxe5 a3
36.Bxb4 Rxb4 37.Kd3 Rb2 38.d6 Kf8 39.Rh8+ Kg7 40.Ra8 {#r} 1-0

[Event "ch-NED Junior 2017"]
[Site "Assen NED"]
[Date "2017.04.26"]
[Round "5.6"]
[White "Den Hartog,Marijn"]
[Black "Kalle,Erwin"]
[Result "1-0"]
[WhiteElo "2227"]
[BlackElo "2039"]

1.Nf3 Nf6 2.c4 g6 3.g3 Bg7 4.Bg2 O-O 5.O-O d5 6.d4 dxc4 7.Na3 c3 8.bxc3 c5
9.Rb1 Nd5 10.Qc2 cxd4 11.cxd4 Nc6 12.e4 Ndb4 13.Qc4 a5 14.d5 Na7 15.Bf4 b5
16.Qe2 Bb7 17.Rfc1 Rc8 18.Rxc8 Qxc8 19.Rc1 Qa8 20.Nxb5 Ba6 21.a4 Rc8 22.Rxc8+
Nxc8 23.Qd2 Bxb5 24.axb5 a4 25.Qxb4 a3 26.Nd2 {#r} 1-0